Five Largest Cities by Region - Asia - Statistics

General Stats
  • This quiz has been taken 260 times
  • The average score is 21 of 25
Answer Stats
Hint Answer % Correct
37,750,000 Tokyo
99%
21,009,000 Beijing
97%
23,416,000 Shanghai
97%
30,091,131 Jakarta
96%
24,998,000 Delhi
95%
17,712,000 Mumbai
94%
14,998,000 Bangkok
93%
20,597,000 Guangzhou
93%
13,532,000 Tehran
92%
5,666,000 Riyadh
91%
26,640,000 Seoul
91%
6,625,000 Baghdad
90%
24,123,000 Manila
89%
8,957,000 Ho Chi Minh City
88%
22,123,000 Karachi
88%
14,667,000 Kolkata
84%
15,669,000 Dhaka
80%
2,250,000 Tashkent
78%
814,000 Astana
76%
1,703,220 Almaty
73%
4,635,000 Kabul
73%
933,735 Bishkek
63%
4,429,000 Istanbul
62%
4,283,000 Kuwait City
51%
9,115,485 Surabaya
50%
No matching quizzes found
Score Distribution
Percent of People with Each Score
Percentile by Number Answered
Your Score History
You have not taken this quiz